| 000 | 01194nam a22003017a 4500 | ||
|---|---|---|---|
| 003 | EG-ScBUE | ||
| 005 | 20211205120100.0 | ||
| 008 | 100725s1961 le f 000 f ara d | ||
| 040 |
_aEG-ScBUE _bara _erda _cEG-ScBUE _dEG-ScBUE |
||
| 082 | 0 | 4 |
_a843.91 _bس ا ر _222 |
| 100 | 1 |
_aسارتر، جان بول، _d1905-1980، _eمؤلف. |
|
| 245 | 1 | 2 |
_aالحزن العميق / _cجان بول سارتر ؛ نقلها عن الفرنسية الدكتور سهيل إدريس. |
| 250 | _aالطبعة الأولى. | ||
| 264 | 1 |
_aبيروت : _bمنشورات دار الآداب، _c1961. |
|
| 300 |
_a480 صفحة ؛ _c24 سم. |
||
| 336 |
_2rdacontent _aنص _btxt |
||
| 337 |
_2rdamedia _aبدون وسيط _bn |
||
| 338 |
_2rdacarrier _aمجلد _bnc |
||
| 490 | 0 |
_aدروب الحرية ؛ _v3 |
|
| 541 |
_aألف باء ؛ _cشراء ؛ |
||
| 546 | _aالنص باللغة العربية وتم ترجمته من اللغة الفرنسية. | ||
| 650 | 7 |
_915083 _aالقصص الفرنسية _yقرن 20. _2BUEsh |
|
| 651 | _2BUEsh | ||
| 653 |
_bGGEN _cDecember2021 |
||
| 655 |
_vReading book _934232 |
||
| 700 | 1 |
_916802 _aإدريس، سهيل، _eمترجم. |
|
| 942 |
_2ddc _cBB |
||
| 999 |
_c14544 _d14544 |
||